[Event "45th Olympiad 2024"]
[Site "Budapest HUN"]
[Date "2024.09.16"]
[Round "6.4"]
[Board "1"]
[White "Caruana, Fabiano"]
[Black "Deac, Bogdan-Daniel"]
[Result "1/2-1/2"]
[WhiteElo "2798"]
[BlackElo "2680"]
[PlyCount "249"]
[EventDate "2024.09.11"]
[WhiteTeam "United States of America"]
[BlackTeam "Romania"]
[BlackTeamCountry "ROU"]

1. e4 e5 2. Nf3 Nc6 3. Bc4 Nf6 4. d3 Bc5 5. c3 d6 6. a4 a6 7. O-O Ba7 ({RR} 7... h6 8. Na3 O-O 9. Nc2 Re8 10. Re1 Ba7 11. Be3 Bb8 12. Qd2 Ng4 13. b4 Ne7 14. d4 Ng6 15. dxe5 Nxe3 16. Nxe3 Nxe5 17. Nxe5 Rxe5 18. Qa2 Be6 19. Bxe6 Rxe6 20. Nf5 Ba7 21. Nd4 Re5 22. Nf3 {½-½ Anand,V (2786)-Kramnik,V (2811) Zuerich Chess Challenge Blitz2 6th 2017 (1)}) 8. Re1 O-O 9. h3 Re8 $146 ({RR} 9... h6 10. Nbd2 Re8 11. Nf1 Be6 12. Bxe6 Rxe6 13. Ng3 d5 14. Qc2 Qd7 15. b4 Rae8 16. Qb3 Ne7 17. Ra2 Ng6 18. Nf5 c6 19. c4 Rd8 20. Rae2 Ree8 21. c5 Bb8 22. Qc2 Nf4 23. Bxf4 exf4 24. Qb2 {1-0 Hansen,E (2611)-Solomon,K (2382) FIDE Chess.com Grand Swiss 2019 (3)}) ({RR} 9... Ne7 10. Nbd2 Ng6 11. Nf1 c6 12. b4 d5 13. Bb3 dxe4 14. dxe4 Qxd1 15. Bxd1 Be6 16. Bc2 Rad8 17. Be3 Bxe3 18. Nxe3 h6 19. Rad1 Nd7 20. Rd6 Nb6 21. Red1 Rxd6 22. Rxd6 Re8 23. a5 Nc8 24. Rd1 {0-1 Cruz Mendez,J (2180)-Mikaelyan,A (2519) Titled Tue 16th Jan Late 2024 (2)}) ({RR} 9... Be6 10. Bb3 Re8 11. Nbd2 h6 12. Nf1 d5 13. exd5 Bxd5 14. Bc2 Qd6 15. Ng3 Rad8 16. Be3 Bxe3 17. Rxe3 Nh7 18. Qe2 Re7 19. Nf5 Bxf3 20. Nxe7+ Qxe7 21. Qxf3 Ng5 22. Qe2 f5 23. f4 Qc5 24. d4 {1-0 Uddin Khanam,A (1724)-Pau Ferrer,Q (1606) IV Llinars Int Open 2024 (3.46)}) 10. Na3 h6 11. b4 Be6 12. Bxe6 Rxe6 13. Nc2 Ne7 14. c4 a5 15. b5 Ng6 16. Ne3 Bxe3 17. Bxe3 b6 18. Nd2 Nd7 19. Nf1 Qf8 20. Ng3 Rae8 21. Ra2 Nf4 22. d4 g5 23. Nf5 exd4 24. Bxf4 gxf4 25. Qxd4 Kh7 26. f3 Qh8 27. Qxh8+ Kxh8 28. Nd4 Rf6 29. Ne2 Nc5 30. Nc3 Rg6 31. Nd5 Ne6 32. e5 Nd4 33. Kf1 dxe5 34. Nxf4 Rd6 35. Nd5 Kg7 36. Rd2 Nb3 37. Rdd1 Red8 38. Rxe5 c6 39. bxc6 Rxc6 40. Re3 Nc5 41. Ra3 Ne6 42. Rb1 Rxc4 43. Ne3 Rc6 44. Rab3 Kg6 45. Rxb6 Rxb6 46. Rxb6 Rd4 47. g3 Rxa4 48. f4 Kg7 49. Nf5+ Kg6 50. Nd6 Nxf4 51. gxf4 Rxf4+ 52. Ke2 Rf6 53. Ke3 Re6+ 54. Kd4 f6 55. Ra6 a4 56. Kd5 Re5+ 57. Kc6 Rh5 58. Rxa4 Rxh3 59. Rg4+ Kh5 60. Rg8 Rd3 61. Ne4 Rf3 62. Kd5 Rd3+ 63. Kc4 Rf3 64. Kd4 Kh4 65. Rg6 h5 66. Nd2 Ra3 67. Ke4 Kh3 68. Nf1 h4 69. Ne3 f5+ 70. Kf4 Ra4+ 71. Kxf5 Ra8 72. Ke4 Rf8 73. Nf5 Rh8 74. Nd4 Re8+ 75. Kf4 Rf8+ 76. Ke3 Re8+ 77. Kf2 Ra8 78. Rh6 Kg4 79. Nc2 Ra2 80. Rc6 Rb2 81. Rc4+ Kg5 82. Kg2 Kh5 83. Kf3 Rb3+ 84. Ne3 h3 85. Rc8 Rb6 86. Kg3 Rb3 87. Rh8+ Kg5 88. Kf3 Rb4 89. Rxh3 Rf4+ 90. Ke2 Rd4 91. Rh8 Kf6 92. Kf3 Ra4 93. Rc8 Ke6 94. Nc4 Ra1 95. Ke4 Re1+ 96. Ne3 Re2 97. Rc6+ Kd7 98. Rh6 Re1 99. Kd4 Re2 100. Nf5 Rd2+ 101. Kc5 Rc2+ 102. Kd5 Rd2+ 103. Nd4 Rd1 104. Rh7+ Kd8 105. Ke5 Ke8 106. Nc6 Re1+ 107. Kd6 Rd1+ 108. Ke6 Re1+ 109. Ne5 Kd8 110. Rg7 Kc8 111. Rg3 Re2 112. Rc3+ Kd8 113. Rc1 Re4 114. Rh1 Re2 115. Rh3 Re1 116. Rh7 Kc8 117. Rg7 Re2 118. Kd5 Rd2+ 119. Kc5 Rc2+ 120. Nc4 Rc1 121. Kd5 Kd8 122. Kd6 Rd1+ 123. Ke6 Re1+ 124. Ne5 Kc8 125. Re7 1/2-1/2

[Event "45th Olympiad 2024"]
[Site "Budapest HUN"]
[Date "2024.09.16"]
[Round "6.4"]
[Board "2"]
[White "Shevchenko, Kirill"]
[Black "So, Wesley"]
[Result "1/2-1/2"]
[WhiteElo "2673"]
[BlackElo "2752"]
[PlyCount "60"]
[EventDate "2024.09.11"]
[WhiteTeam "Romania"]
[BlackTeam "United States of America"]
[WhiteTeamCountry "ROU"]

1. d4 Nf6 2. c4 e6 3. Nc3 Bb4 4. Nf3 O-O 5. Bg5 c5 6. Rc1 cxd4 7. Nxd4 h6 8. Bh4 d5 9. cxd5 g5 10. Bg3 Qxd5 11. e3 Qxa2 12. Bd3 Qxb2 13. O-O Bxc3 14. Rc2 Qb4 15. Nb5 e5 16. Rxc3 Nc6 17. f4 a6 18. Rb3 Qe7 19. fxg5 Ng4 20. Nd6 Nxe3 21. Bh7+ Kxh7 22. Rxe3 Qxg5 23. Qe1 $146 ({RR} 23. Qb3 Qg6 24. Rxf7+ Rxf7 25. Nxf7 Nd4 26. Qd5 Qb1+ 27. Re1 Ne2+ 28. Kf2 Qf5+ 29. Kxe2 Be6 30. Qxb7 Bc4+ 31. Kd2 {½-½ Li,D (2579)-Xu,X (2564) Hangzhou GM 2022 (12)}) 23... Qg6 24. Nc4 Be6 25. Nxe5 Nxe5 26. Bxe5 Rg8 27. Rg3 Qh5 28. Qe4+ f5 29. Qxb7+ Qf7 30. Qxf7+ Bxf7 1/2-1/2

[Event "45th Olympiad 2024"]
[Site "Budapest HUN"]
[Date "2024.09.16"]
[Round "6.4"]
[Board "3"]
[White "Aronian, Levon"]
[Black "Nisipeanu, Liviu-Dieter"]
[Result "1/2-1/2"]
[WhiteElo "2729"]
[BlackElo "2580"]
[PlyCount "58"]
[EventDate "2024.09.11"]
[WhiteTeam "United States of America"]
[BlackTeam "Romania"]
[BlackTeamCountry "ROU"]

1. e4 e5 2. Nf3 Nc6 3. Bc4 Nf6 4. d3 Be7 5. Nc3 d6 6. a3 O-O 7. Be3 Be6 8. Nd5 Bxd5 9. exd5 Nb8 10. b4 $146 ({RR} 10. Ba2 Nbd7 11. d4 e4 12. Nd2 b5 13. Qe2 a6 14. Bg5 Nb6 15. Bxf6 Bxf6 16. c3 Re8 17. Nxe4 Bxd4 18. cxd4 f5 19. O-O Rxe4 20. Qc2 Qd7 21. Rac1 Re7 22. Rfe1 Rxe1+ 23. Rxe1 Re8 24. Re6 g6 {0-1 Firouzja,A (2767)-Carlsen,M (2832) SpeedChess Final 2024 (2.12)}) ({RR} 10. d4 e4 11. Nd2 Nbd7 12. Ba2 Re8 13. g4 c6 14. dxc6 bxc6 15. c4 h6 16. h4 c5 17. g5 cxd4 18. Bxd4 Nc5 19. Bxc5 dxc5 20. Qe2 Qb6 21. O-O-O Rab8 22. b3 e3 23. fxe3 Qa6 24. Kb2 Nd5 {0-1 Gilfillan,A (1973)-Sowray,P (2310) BCF-chT1a 1617 (4NCL) 2016 (1.47)}) ({RR} 10. h3 Nbd7 11. Ba2 Ne8 12. g4 f5 13. gxf5 Rxf5 14. Qe2 g6 15. O-O-O Ng7 16. Nd2 Bg5 17. Ne4 Bxe3+ 18. fxe3 Qh4 19. Rdf1 Raf8 20. Rxf5 Rxf5 21. Qe1 Qxe1+ 22. Rxe1 Nf6 23. Nd2 Ngh5 24. Rf1 Rg5 {0-1 Metz,H (2259)-Dobschat,B (2081) Verbandsliga Suedbaden 1920 2019 (3.2)}) 10... c6 11. dxc6 bxc6 12. O-O Nbd7 13. Bb3 a5 14. c4 Rb8 15. Bd2 axb4 16. axb4 d5 17. c5 Qc7 18. Re1 Rfe8 19. h3 Bf8 20. d4 exd4 21. Rxe8 Rxe8 22. Nxd4 Ne4 23. Be3 Ne5 24. Rc1 g6 25. Ba4 Nc4 26. Qf3 Ne5 27. Qd1 Nc4 28. Qf3 Ne5 29. Qd1 Nc4 1/2-1/2

[Event "45th Olympiad 2024"]
[Site "Budapest HUN"]
[Date "2024.09.16"]
[Round "6.4"]
[Board "4"]
[White "Parligras, Mircea-Emilian"]
[Black "Robson, Ray"]
[Result "1/2-1/2"]
[WhiteElo "2537"]
[BlackElo "2700"]
[PlyCount "99"]
[EventDate "2024.09.11"]
[WhiteTeam "Romania"]
[BlackTeam "United States of America"]
[WhiteTeamCountry "ROU"]

1. d4 Nf6 2. c4 e6 3. Nf3 d5 4. Nc3 Bb4 5. Bg5 h6 6. Bxf6 Qxf6 7. e3 O-O 8. Rc1 dxc4 9. Bxc4 c5 10. O-O cxd4 11. Ne4 Qe7 12. a3 Ba5 13. Qxd4 Rd8 14. Qc5 Qxc5 15. Nxc5 Nd7 16. Nb3 Bb6 17. Be2 Nf6 18. Ne5 Bd7 19. Nc5 Bxc5 20. Rxc5 Rac8 21. Rfc1 Rxc5 22. Rxc5 Be8 23. Kf1 Ne4 24. Rc7 Nd6 25. e4 Kf8 26. f3 Rc8 27. Rxc8 Nxc8 28. Nc4 f6 $146 ({RR} 28... Ke7 29. e5 f6 30. Kf2 b5 31. exf6+ Kxf6 32. Nd2 Nd6 33. Ke3 e5 34. Kd3 Ke6 35. Kc3 Kd5 36. Bd3 Kc5 37. b4+ Kb6 38. Nb3 g5 39. Nc5 a5 40. Nb3 a4 41. Nd2 {½-½ Martirosyan,H (2685)-Robson,R (2689) 5th Prague Masters 2023 (1.5)}) 29. f4 Ke7 30. e5 fxe5 31. Nxe5 Nd6 32. Kf2 Nf7 33. Ke3 Nxe5 34. fxe5 a5 35. Kd4 b6 36. Bf3 Bb5 37. g3 Kd7 38. h4 Ke7 39. Kc3 Kd7 40. b4 axb4+ 41. Kxb4 Ba6 42. Bd1 Bb7 43. Kb5 Kc7 44. Bg4 Bc6+ 45. Kb4 Bd7 46. Bh3 Bc8 47. Kb5 Bd7+ 48. Kb4 Bc8 49. Kb5 Bd7+ 50. Kb4 1/2-1/2

[Event "45th Olympiad 2024"]
[Site "Budapest HUN"]
[Date "2024.09.16"]
[Round "6.5"]
[Board "1"]
[White "Rodshtein, Maxim"]
[Black "Abdusattorov, Nodirbek"]
[Result "0-1"]
[WhiteElo "2600"]
[BlackElo "2766"]
[PlyCount "110"]
[EventDate "2024.09.11"]
[WhiteTeam "Israel"]
[BlackTeam "Uzbekistan"]
[WhiteTeamCountry "ISR"]
[BlackTeamCountry "UZB"]

1. e4 e5 2. Nf3 Nc6 3. Bc4 Nf6 4. d3 Be7 5. O-O O-O 6. Re1 d6 7. a3 Kh8 8. c3 ({RR} 8. Nc3 Nd7 9. Ba2 Nb6 10. b4 Bg4 11. h3 Bxf3 12. Qxf3 f5 13. exf5 Nd4 14. Qd1 Nxf5 15. Ne4 a5 16. Bd2 axb4 17. axb4 c6 18. c4 Nd4 19. Bc3 d5 20. Ng3 Na4 21. Bd2 Bh4 22. cxd5 cxd5 {1-0 Kramnik,V (2753)-Artemiev,V (2697) AI Cup Play-In 2023 (8)}) ({RR} 8. h3 Ng8 9. Nc3 f5 10. Nd5 fxe4 11. dxe4 Be6 12. Bf1 Qd7 13. c4 Bd8 14. b4 Qf7 15. Re3 Nd4 16. Ra2 Qh5 17. Nc3 b5 18. g4 Qf7 19. Nxd4 exd4 20. Qxd4 Bf6 21. Qd1 Bh4 22. Qc2 Bxc4 {½-½ Fedorov,A (2475)-Saydaliev,S (2422) UZB Scheveningen Team 2023 (5.4)}) 8... Nd7 $146 ({RR} 8... Ng8 9. d4 Bg4 10. d5 Nb8 11. h3 Bxf3 12. Qxf3 Bg5 13. Nd2 Nd7 14. b4 Ne7 15. g3 f5 16. exf5 Nxf5 17. Qg2 Nf6 18. Bd3 Qd7 19. Nc4 Bxc1 20. Raxc1 b6 21. Nd2 Rae8 22. a4 Re7 23. Bb5 {0-1 Mateo,R (2408)-Castillo Gallego,S (2196) Ubeda op 5th 2000 (3)}) ({RR} 8... Ng8 9. d4 f5 10. dxe5 fxe4 11. Rxe4 Bf5 12. Re1 Bg4 13. Be2 Qe8 14. h3 Bxf3 15. Bxf3 Nxe5 16. Bxb7 Rb8 17. Be4 Nf6 18. f4 Nxe4 19. Rxe4 Ng6 20. g3 Qc6 21. Nd2 d5 22. Re2 d4 23. cxd4 {0-1 Komliakov,V (2435)-Kuzmin,G (2525) Nikolaev zt 1993}) ({RR} 8... Ng8 9. d4 Bg4 10. d5 Nb8 11. h3 Bc8 12. Nbd2 f5 13. exf5 Bxf5 14. Ne4 h6 15. Ng3 Bg6 16. Bd3 Qe8 17. c4 a5 18. Be3 Na6 19. c5 Bxd3 20. Qxd3 Qf7 21. cxd6 cxd6 22. Rac1 Rfc8 23. Red1 {0-1 Vajda,A (2437)-Pilgaard,K (2440) Bucharest Kings Cup 2003 (11)}) 9. d4 Nb6 10. Bd3 Bg4 11. d5 Nb8 12. Nbd2 a5 13. h3 Bh5 14. b3 f5 15. c4 fxe4 16. Bxe4 Bf7 17. Bd3 Na6 18. Qc2 Bg8 19. Ne4 Nd7 20. Be3 c6 21. Nc3 Ndc5 22. Be2 h6 23. Qb2 e4 24. Nd4 Bg5 25. Qd2 Qf6 26. Bf1 Bxe3 27. Rxe3 Bh7 28. Rae1 Rae8 29. g3 Nc7 30. b4 cxd5 31. bxc5 dxc5 32. Ndb5 Nxb5 33. Nxd5 Qd4 34. Qxa5 Nd6 35. Qc3 Rf7 36. Qc1 Nf5 37. Rd1 Qe5 38. f4 Qe6 39. Rb3 b5 40. Rxb5 Nxg3 41. Rb6 Qc8 42. Kh2 Nf5 43. Be2 Qd8 44. Rg1 Ref8 45. Bh5 Rd7 46. Qb2 Bg8 47. Bg4 Bxd5 48. cxd5 Rxd5 49. Rg2 Nd4 50. Rg6 Qc7 51. Qf2 Rxf4 52. Qg3 Rxg4 53. hxg4 Nf3+ 54. Kh3 Qf7 55. Qb8+ Kh7 0-1

[Event "45th Olympiad 2024"]
[Site "Budapest HUN"]
[Date "2024.09.16"]
[Round "6.5"]
[Board "2"]
[White "Yakubboev, Nodirbek"]
[Black "Gorshtein, Ido"]
[Result "1-0"]
[WhiteElo "2666"]
[BlackElo "2543"]
[PlyCount "73"]
[EventDate "2024.09.11"]
[WhiteTeam "Uzbekistan"]
[BlackTeam "Israel"]
[WhiteTeamCountry "UZB"]
[BlackTeamCountry "ISR"]

1. d4 Nf6 2. c4 e6 3. Nf3 d5 4. g3 Bb4+ 5. Bd2 Be7 6. Bg2 O-O 7. O-O Nbd7 8. Qc2 c6 9. Bf4 a5 10. Rd1 h6 11. Nc3 dxc4 12. Nd2 Nb6 13. e4 a4 14. a3 Bd7 15. h3 Qc8 ({RR} 15... Re8 16. Be5 Qc8 17. Bxf6 Bxf6 18. e5 Be7 19. Nce4 c5 20. dxc5 Bxc5 21. Nxc4 Nxc4 22. Nxc5 Qxc5 23. Rxd7 Rad8 24. Qxa4 Nxb2 25. Rxd8 Rxd8 26. Qb4 Qxe5 27. Re1 Qf6 {½-½ Schitco,I (2521)-Bok,B (2621) Pan-Am Intercollegiate 2024 (3.5)}) 16. g4 Rd8 17. Nf1 $146 ({RR} 17. Bg3 Be8 18. Nf1 Nbd7 19. Nxa4 b5 20. Nc3 Nb6 21. Ne3 Ra7 22. h4 Rad7 23. e5 Nfd5 24. Nexd5 Nxd5 25. Ne4 c5 26. dxc5 Bxc5 27. Nd6 Bxd6 28. exd6 Nb6 29. b3 Ra7 30. g5 hxg5 31. hxg5 cxb3 {1-0 Hillarp Persson,T (2493)-Blomqvist,E (2500) ch-SWE 2023 Helsingborg SWE (5.5)}) 17... Be8 18. Ne3 Nfd7 19. Bg3 c5 20. d5 Bf6 21. dxe6 fxe6 22. Rd6 Bf7 23. e5 Be7 24. Rd2 Nb8 25. Rxd8+ Qxd8 26. Bxb7 Ra7 27. Rd1 Qe8 28. Be4 Rd7 29. Rxd7 Qxd7 30. Kh2 Be8 31. Ne2 Qb5 32. Nf4 Nc6 33. Nxe6 Nd4 34. Nxd4 cxd4 35. Nf5 Bc5 36. e6 Qb3 37. Qc1 1-0

[Event "45th Olympiad 2024"]
[Site "Budapest HUN"]
[Date "2024.09.16"]
[Round "6.5"]
[Board "3"]
[White "Nabaty, Tamir"]
[Black "Sindarov, Javokhir"]
[Result "1-0"]
[WhiteElo "2630"]
[BlackElo "2677"]
[PlyCount "47"]
[EventDate "2024.09.11"]
[WhiteTeam "Israel"]
[BlackTeam "Uzbekistan"]
[WhiteTeamCountry "ISR"]
[BlackTeamCountry "UZB"]

1. d4 Nf6 2. c4 g6 3. h4 Bg7 4. Nc3 d6 5. e4 h5 6. Be2 O-O 7. Nf3 a6 ({RR} 7... c5 8. d5 e6 9. Bf4 Re8 10. Ng5 exd5 11. exd5 a6 12. O-O Nbd7 13. Bxd6 Qb6 14. Bf4 Qxb2 15. Rc1 b5 16. cxb5 axb5 17. Bxb5 Ra3 18. Qd2 Qb4 19. Bc6 Ng4 20. Nb5 Qxd2 21. Bxd2 Rxa2 22. Bf4 {1-0 Grischuk,A (2776)-Svidler,P (2714) FTX Crypto Cup Prelim rapid 2021 (11)}) ({RR} 7... Bg4 8. Be3 Nbd7 9. Ng5 Bxe2 10. Qxe2 c5 11. d5 a6 12. a4 b5 13. cxb5 axb5 14. Nxb5 Ng4 15. Bf4 Qa5+ 16. Bd2 Qa6 17. f3 Nge5 18. O-O Nb6 19. b3 Qb7 20. Rab1 c4 21. a5 Nxd5 22. bxc4 {1-0 Gunina,V (2437)-Kashlinskaya,A (2468) Swiss Queens Wed #8 2024 (8.125)}) ({RR} 7... c5 8. d5 e6 9. Bg5 exd5 10. cxd5 Bg4 11. Nd2 Bxe2 12. Qxe2 Re8 13. O-O Nbd7 14. Nc4 Nb6 15. Rae1 Nxc4 16. Qxc4 Qb6 17. Re2 Ng4 18. Qb5 Qc7 19. f3 Ne5 20. a4 c4 21. a5 a6 22. Qa4 {0-1 Paravyan,D (2610)-Sindarov,J (2668) Titled Tue 11th Jun Late 2024 (10)}) 8. O-O c6 $146 ({RR} 8... c5 9. d5 Re8 10. Bf4 Bg4 11. e5 Nh7 12. Re1 Nd7 13. e6 fxe6 14. dxe6 Bxe6 15. Bd3 Bf7 16. Ne4 e5 17. Bg5 Ndf6 18. Qc2 Re6 19. Rad1 Qe8 20. Bxf6 Bxf6 21. Nc3 Rb8 22. Be4 Be7 23. Bd5 {½-½ Bronstein,O (2459)-Saric,I (2657) World Rapid Team 2023 (5.4)}) 9. Be3 b5 10. a3 Bg4 11. cxb5 cxb5 12. e5 dxe5 13. dxe5 Qxd1 14. Rfxd1 Nfd7 15. Nd5 Nc6 16. e6 fxe6 17. Nc7 Rad8 18. Nxa6 Bxb2 19. Ra2 Bf6 20. Rad2 e5 21. Nc7 e4 22. Nd4 Nxd4 23. Bxg4 Ne5 24. Rxd4 1-0

[Event "45th Olympiad 2024"]
[Site "Budapest HUN"]
[Date "2024.09.16"]
[Round "6.5"]
[Board "4"]
[White "Vokhidov, Shamsiddin"]
[Black "Smirin, Ilia"]
[Result "1/2-1/2"]
[WhiteElo "2650"]
[BlackElo "2575"]
[PlyCount "123"]
[EventDate "2024.09.11"]
[WhiteTeam "Uzbekistan"]
[BlackTeam "Israel"]
[WhiteTeamCountry "UZB"]
[BlackTeamCountry "ISR"]

1. e4 c5 2. Nf3 Nc6 3. Bb5 e6 4. Bxc6 bxc6 5. d3 Qc7 6. O-O Ne7 7. h4 ({RR} 7. Ng5 f6 8. Nh3 g6 9. c4 Bg7 10. Nc3 O-O 11. Be3 d6 12. f4 Bd7 13. Qd2 Rad8 14. Kh1 Bc8 15. Ng1 h6 16. f5 g5 17. g4 d5 18. Bxc5 dxe4 19. Nxe4 exf5 20. gxf5 Bxf5 21. Rae1 Bg6 {1-0 Vokhidov,S (2596)-Iturrizaga Bonelli,E (2600) World Rapid 2023 (10.37)}) 7... h5 ({RR} 7... e5 8. h5 d6 9. Nh2 Ng8 10. f4 Nf6 11. fxe5 dxe5 12. h6 Be6 13. hxg7 Bxg7 14. Bg5 Nd7 15. Nd2 h5 16. Qe1 f6 17. Bh4 O-O-O 18. Kh1 Bh6 19. Nc4 Bf4 20. b4 Bxc4 21. dxc4 Rhg8 22. Nf3 {1-0 Caruana,F (2835)-Carlsen,M (2863) Clutch-ch June rapid 2020 (3.4)}) 8. e5 Ng6 9. Re1 f6 $146 ({RR} 9... Be7 10. g3 d6 11. Qe2 f6 12. exd6 Bxd6 13. Qe4 Ne7 14. Na3 e5 15. Nc4 Bf5 16. Nxd6+ Qxd6 17. Qa4 Kf7 18. Be3 Rhb8 19. Qc4+ Be6 20. Bxc5 Qd5 21. Qxd5 Bxd5 22. Nd4 Rxb2 23. c4 Be6 24. Nxe6 {0-1 Laux,D (2260)-Sethuraman,S (2610) Menorca op 1st 2022 (2)}) ({RR} 9... d6 10. Nbd2 dxe5 11. b3 Be7 12. Ba3 f6 13. g3 Kf7 14. Ne4 Qa5 15. Qc1 Ba6 16. c4 Rad8 17. Re3 Bc8 18. Nc3 e4 19. dxe4 e5 20. Na4 Nf8 21. Qe1 Qxe1+ 22. Nxe1 Ne6 23. Nd3 g5 24. hxg5 {½-½ Abdisalimov,A (2526)-Narayanan,S (2648) TCh-TUR Super League 2024 (14.2)}) 10. Nbd2 fxe5 11. Qe2 d6 12. Nc4 Ne7 13. Bg5 Nf5 14. c3 Be7 15. Bxe7 Qxe7 16. g3 O-O 17. Ng5 g6 18. Rad1 Ba6 19. Ne3 Rae8 20. Qc2 Kg7 21. d4 cxd4 22. Nxf5+ exf5 23. cxd4 e4 24. Qxc6 Bb7 25. Qc3 Bd5 26. Rc1 Qb7 27. Qa5 Rc8 28. b3 Bg8 29. Qd2 Bd5 30. Nh3 Rxc1 31. Rxc1 Rc8 32. Rxc8 Qxc8 33. Qg5 e3 34. Qe7+ Kg8 35. Qxe3 Qc2 36. Qe1 Qxa2 37. b4 Qb2 38. Nf4 Be4 39. f3 Qxd4+ 40. Kg2 Qb2+ 41. Qf2 Qxf2+ 42. Kxf2 Bc6 43. Nxg6 Kg7 44. Nf4 Be8 45. Ke3 Kf6 46. Kd4 Bf7 47. Ne2 Ke6 48. Nc3 Kd7 49. Ke3 Kc6 50. Kf4 d5 51. Kxf5 d4 52. Ne2 Kd5 53. Kf6 Be8 54. g4 d3 55. Nf4+ Kd4 56. Nxd3 Kxd3 57. g5 Bc6 58. f4 Ke4 59. f5 Bd7 60. Kg6 Be8+ 61. Kf6 Bd7 62. Kg6 1/2-1/2

[Event "45th Olympiad 2024"]
[Site "Budapest HUN"]
[Date "2024.09.16"]
[Round "6.6"]
[Board "1"]
[White "Giri, Anish"]
[Black "Brkic, Ante"]
[Result "1-0"]
[WhiteElo "2724"]
[BlackElo "2642"]
[PlyCount "129"]
[EventDate "2024.09.11"]
[WhiteTeam "Netherlands"]
[BlackTeam "Croatia"]
[WhiteTeamCountry "NED"]
[BlackTeamCountry "CRO"]

1. e4 c5 2. Nf3 d6 3. d4 cxd4 4. Nxd4 Nf6 5. Nc3 a6 6. Qd3 g6 7. f3 Bg7 8. Be3 Nbd7 9. Qd2 b5 $146 ({RR} 9... h6 10. Be2 Qc7 11. O-O b5 12. a4 b4 13. Na2 d5 14. exd5 Nxd5 15. Nxb4 Nxe3 16. Qxe3 O-O 17. c3 Bb7 18. Rfd1 Kh7 19. Nb3 e6 20. Na5 Bc8 21. Nc4 a5 22. Nc2 Ba6 23. N4a3 Bxe2 24. Qxe2 {½-½ Vallejo Pons,F (2716)-Yuffa,D (2587) 3rd elllobregat Open 2022 (8.4)}) ({RR} 9... h5 10. O-O-O b5 11. Kb1 Bb7 12. Nb3 Rc8 13. Be2 Ne5 14. Bd4 O-O 15. Qe3 Nc4 16. Bxc4 Rxc4 17. Bb6 Qa8 18. Na5 Rxc3 19. bxc3 Rc8 20. c4 bxc4 21. Bd4 c3 22. Ka1 Bc6 23. Nxc6 Qxc6 24. Rd3 {1-0 Girel,J (2486)-Kramnik,V (2753) Titled Tue 5th Mar Late 2024 (10)}) 10. a4 bxa4 11. Rxa4 Bb7 12. Nb3 O-O 13. Be2 a5 14. O-O Ne5 15. Rfa1 Nc6 16. Bb5 Nd7 17. Bxc6 Bxc6 18. Rxa5 Ne5 19. Rxa8 Bxa8 20. Qe2 Qb8 21. Bd4 Rc8 22. Qb5 Bc6 23. Qxb8 Rxb8 24. Ra6 Bd7 25. Nd5 e6 26. Ne3 Nc6 27. Bxg7 Kxg7 28. Nc4 d5 29. Nc5 dxc4 30. Nxd7 Rc8 31. Nb6 Rc7 32. Nxc4 Nb4 33. Ra4 Nxc2 34. Nd6 Rc6 35. e5 Ne3 36. Kf2 Nf5 37. Rc4 Rb6 38. Nxf5+ gxf5 39. b4 f6 40. exf6+ Kxf6 41. f4 e5 42. fxe5+ Kxe5 43. Ke3 Kd5 44. Rh4 Rb7 45. g3 Kc6 46. Rd4 Re7+ 47. Kf4 Re2 48. Kxf5 Rxh2 49. Rh4 Rf2+ 50. Kg5 Rf7 51. Kh6 Kd6 52. Rf4 Rb7 53. g4 Ke5 54. Rf5+ Ke6 55. b5 Ra7 56. b6 Rb7 57. Rf1 Ke5 58. g5 Ke4 59. Rf6 Ke5 60. Rc6 Kf4 61. Rc4+ Kf5 62. Rc7 Rxb6+ 63. Kh5 h6 64. Rf7+ Ke5 65. g6 1-0

[Event "45th Olympiad 2024"]
[Site "Budapest HUN"]
[Date "2024.09.16"]
[Round "6.6"]
[Board "2"]
[White "Martinovic, Sasa"]
[Black "Van Foreest, Jorden"]
[Result "0-1"]
[WhiteElo "2563"]
[BlackElo "2696"]
[PlyCount "152"]
[EventDate "2024.09.11"]
[WhiteTeam "Croatia"]
[BlackTeam "Netherlands"]
[WhiteTeamCountry "CRO"]
[BlackTeamCountry "NED"]

1. d4 d5 2. c4 c6 3. Nf3 Nf6 4. Nc3 dxc4 5. e4 b5 6. a4 b4 7. Na2 e6 8. Bxc4 Nxe4 9. O-O Be7 10. Re1 Nf6 11. Ne5 O-O 12. Bg5 a5 13. Nc1 Nd5 14. Bxe7 Nxe7 15. Nb3 $146 ({RR} 15. Qg4 Ng6 16. Ncd3 Nd7 17. Rad1 Ndxe5 18. dxe5 Qe7 19. Nf4 Rd8 20. Nxg6 hxg6 21. Rxd8+ Qxd8 22. Rd1 Qe7 23. Rd6 Ba6 24. Bb3 c5 25. Rxe6 Qd7 26. Rxg6 Qxg4 27. Rxg4 Rd8 28. h3 Rd3 29. Bc4 Bxc4 {1-0 Hakobyan,A (2619)-Bok,B (2620) St Louis Spring A 2024 (4.5)}) 15... Nd7 16. Bd3 Nxe5 17. Rxe5 Nd5 18. Qc2 g6 19. Qxc6 Bd7 20. Qd6 Rc8 21. Ree1 Qc7 22. Qxc7 Rxc7 23. Nxa5 Ra8 24. Nb3 Rxa4 25. Rxa4 Bxa4 26. Nc5 Be8 27. Ra1 Kf8 28. Ra5 Rc8 29. Be4 Ne7 30. f3 Rd8 31. Nb3 Bc6 32. Kf2 Bxe4 33. fxe4 Nc6 34. Rb5 Nxd4 35. Rxb4 Nc6 36. Rb7 Ne5 37. Ke2 Nd3 38. Na5 h5 39. Ke3 Ne5 40. h3 Rd3+ 41. Ke2 Rg3 42. Kf2 h4 43. Rb3 Nc6 44. Rb5 Nxa5 45. Rxa5 Rb3 46. Rg5 Rxb2+ 47. Kf3 Rb3+ 48. Kf2 Rb4 49. Rg4 g5 50. Rxg5 Rxe4 51. Kf3 f5 52. Rh5 Kg7 53. Rg5+ Kf6 54. Rg8 Ra4 55. Rf8+ Ke5 56. Rh8 Rb4 57. Rh6 Kd5 58. Rh5 Ra4 59. Ke3 Ra3+ 60. Kf2 Ra2+ 61. Kf3 e5 62. Rxf5 Kd4 63. Kg4 Rxg2+ 64. Kxh4 e4 65. Rf8 e3 66. Rd8+ Kc3 67. Rc8+ Kd2 68. Rd8+ Ke1 69. Kh5 e2 70. h4 Rg3 71. Kh6 Kf2 72. Rd2 Kf1 73. Rxe2 Kxe2 74. h5 Kf3 75. Kh7 Kg4 76. h6 Kf5 0-1

[Event "45th Olympiad 2024"]
[Site "Budapest HUN"]
[Date "2024.09.16"]
[Round "6.6"]
[Board "3"]
[White "Warmerdam, Max"]
[Black "Livaic, Leon"]
[Result "0-1"]
[WhiteElo "2679"]
[BlackElo "2550"]
[PlyCount "92"]
[EventDate "2024.09.11"]
[WhiteTeam "Netherlands"]
[BlackTeam "Croatia"]
[WhiteTeamCountry "NED"]
[BlackTeamCountry "CRO"]

1. c4 Nf6 2. Nc3 g6 3. Nf3 Bg7 4. e4 d6 5. d4 O-O 6. Be2 Na6 7. O-O e5 8. Be3 Qe7 9. d5 Ng4 10. Bg5 f6 11. Bh4 g5 12. Bg3 f5 13. exf5 Bxf5 14. Re1 Nh6 ({RR} 14... h6 15. Nd2 Nf6 16. f3 b6 17. a3 Nc5 18. b4 Ncd7 19. Nde4 Bg6 20. Bd3 a5 21. bxa5 Rxa5 22. a4 Nxe4 23. Bxe4 Qf7 24. Nb5 Rc8 25. Bf2 Raa8 26. Bxg6 Qxg6 27. h3 Nf6 28. Re3 Nh5 29. Ra2 {½-½ Stockfish dev-20240728-2343f7 (3662)-LCZero 0.31-dag-5350a2e-BT4-6 (3631) TCEC 26 Balanced Lines 2024 (39.2)}) 15. Nd2 Nc5 $146 ({RR} 15... Bg6 16. Nde4 Nf5 17. Bh5 Qf7 18. Bxg6 Qxg6 19. f3 b6 20. Bf2 Nc5 21. b4 Nxe4 22. Nxe4 a5 23. c5 axb4 24. cxb6 cxb6 25. Qd2 g4 26. fxg4 Qxg4 27. Qxb4 Nd4 28. Bxd4 exd4 29. Qxd6 d3 30. Rad1 {½-½ So,W (2753)-Carlsen,M (2839) chess.com SpeedChess 2023 (3.18)}) 16. Rc1 a5 17. Bf1 b6 18. Nde4 g4 19. a3 Nf7 20. Nxc5 bxc5 21. Bd3 Bxd3 22. Qxd3 Qg5 23. Rb1 Nh6 24. b4 axb4 25. axb4 cxb4 26. Rxb4 Nf5 27. Ne4 Qg6 28. Rb7 h5 29. Rxc7 h4 30. Rc6 hxg3 31. hxg3 Qh5 32. c5 dxc5 33. d6 Rad8 34. Rxc5 Qg6 35. Rc6 Nd4 36. Ra6 Qf5 37. Qc4+ Kh8 38. Qd3 Ne6 39. Qe3 Nd4 40. Qd3 Rb8 41. Qd2 Rbc8 42. Ra7 Rc2 43. Qe3 Rb2 44. Ra4 Rfb8 45. Qd3 Ne2+ 46. Kf1 Qh7 0-1

[Event "45th Olympiad 2024"]
[Site "Budapest HUN"]
[Date "2024.09.16"]
[Round "6.6"]
[Board "4"]
[White "Kozul, Zdenko"]
[Black "L'Ami, Erwin"]
[Result "0-1"]
[WhiteElo "2515"]
[BlackElo "2628"]
[PlyCount "62"]
[EventDate "2024.09.11"]
[WhiteTeam "Croatia"]
[BlackTeam "Netherlands"]
[WhiteTeamCountry "CRO"]
[BlackTeamCountry "NED"]

1. d4 d5 2. c4 e6 3. Nf3 Nf6 4. g3 Bb4+ 5. Bd2 Be7 6. Bg2 c6 7. Qc2 b6 8. O-O Nbd7 9. cxd5 cxd5 10. Rc1 O-O 11. Bf4 Bb7 12. Bc7 Qe8 13. Qb3 Rc8 $146 ({RR} 13... Ne4 14. Nc3 Nxc3 15. Rxc3 Ba6 16. Qd1 Nf6 17. Ne5 Rc8 18. Rac1 Ne4 19. R3c2 Qa4 20. Bf1 f6 21. Nf3 Qxa2 22. Ra1 Qb3 23. Qc1 Bb5 24. Rxa7 Ba4 25. Rc3 Nxc3 26. bxc3 Kh8 27. Qe3 Bd7 28. Bd6 {0-1 Dreev,A (2671)-Bosiocic,M (2598) Zagreb Peace 2019 (5)}) 14. Na3 Ne4 15. Nb5 Ndc5 16. dxc5 bxc5 17. Nfd4 a6 18. Bxe4 axb5 19. Nxb5 c4 20. Bxh7+ Kxh7 21. Qc2+ f5 22. Nd6 Qc6 23. Nxc8 Rxc8 24. Ba5 d4 25. f3 d3 26. Qd1 dxe2 27. Qxe2 Qc5+ 28. Kg2 Qxa5 29. Qxe6 Qd2+ 30. Kf1 Qd3+ 31. Qe2 Qxf3+ 0-1